000 01209cam a2200181 4500
008 000000n2000 000 0 eng u
035 _a(Sirsi) u109890
245 _aTwenty Two A Property Investments Ltd v Simpson Curtis (a firm) and others
260 _c2000
490 _aEstates Gazette Case Summaries
_v [2000] EGCS 140 (2/12/00)
520 _a"Twenty Two A Property Investments Ltd v Simpson Curtis (a firm) and others" CA 21 November 2000. Respondent contracting to release option subject to timely completion of sale - Sale contract between freeholder and third party conditional upon variation of certain leases - Appellant solicitor engaged by respondent to monitor progress of variation - Freeholder's solicitor failing to meet contractual deadline for variation - Sale contract falling through - Trial judge finding appellant in breach of monitoring obligation - Whether appellant obliged to interfere to extent contended for by respondent - Appeal dismissed.
650 _aLEASES
650 _aTWENTY TWO A PROPERTY INVESTMENTS LTD V SIMPSON CURTIS (A FIRM) AND OTHERS
650 _aVARIATION
650 _aSOLICITOR
690 _aPROFESSIONAL PRACTICE-NEGLIGENCE-CASE LAW
942 _n0
999 _c65558
_d65558